000 00573nam a22001817a 4500
005 20251108164721.0
008 250721s1995 xx 000 0 ara d
082 1 4 _a801.950956/طاه
100 1 _aالطاهر، علي جواد
245 1 0 _aالمرزوقي شارح الحماسة ناقداً /
264 1 _aبيروت :
_bالدار المتحدة للنشر و التوزيع،
_c1995.
300 _a173ص
650 1 7 _aالنقد الأدبي
650 1 7 _aالأدب العربي
650 1 7 _aالشعر العربي
942 _2ddc
_cBK
999 _c12584
_d12584